[Event "VIE-ch U13"]
[Site "Da Lat"]
[Date "2013.07.??"]
[Round "1"]
[White "Nguyen, Huy Hiep"]
[Black "Hoang, Tuan Anh"]
[Result "1-0"]
[WhiteElo "1959"]
[BlackElo "1983"]
[PlyCount "25"]
[EventDate "2013.07.13"]
[EventType "swiss"]
[EventRounds "9"]
[EventCountry "VIE"]
[SourceTitle "EXT 2014"]
[Source "ChessBase"]
[SourceDate "2013.11.20"]
[SourceVersion "1"]
[SourceVersionDate "2013.11.20"]
[SourceQuality "1"]

1. Nf3 Nc6 2. Nc3 e5 3. e4 Bc5 4. Bc4 d6 5. d3 h6 6. h3 Nf6 7. 0-0 0-0 8. Be3 Bxe3 9. fxe3 a6 10. a3 Re8 11. Nd5 Be6 12. Qd2 b5 13. Ba2 1-0

[Event "VIE-ch U13"]
[Site "Da Lat"]
[Date "2013.07.??"]
[Round "7"]
[White "Nguyen, Huy Hiep"]
[Black "Nguyen, Huu Anh Tai"]
[Result "1-0"]
[WhiteElo "1959"]
[BlackElo "1967"]
[PlyCount "53"]
[EventDate "2013.07.13"]
[EventType "swiss"]
[EventRounds "9"]
[EventCountry "VIE"]
[SourceTitle "EXT 2014"]
[Source "ChessBase"]
[SourceDate "2013.11.20"]
[SourceVersion "1"]
[SourceVersionDate "2013.11.20"]
[SourceQuality "1"]

1. c4 e5 2. e3 d6 3. Nc3 Nc6 4. d4 exd4 5. exd4 h6 6. g3 Nf6 7. Bg2 Be7 8. Nge2 0-0 9. 0-0 Bf5 10. a3 Qd7 11. b3 Bh3 12. Bb2 Na5 13. Bxh3 Qxh3 14. Nf4 Qg4 15. Qc2 Qd7 16. Ncd5 b6 17. Nxe7+ Qxe7 18. Rfe1 Qd7 19. d5 Nh7 20. b4 Ng5 21. Qd3 f6 22. bxa5 bxa5 23. Ne6 Nh3+ 24. Kg2 Ng5 25. Nxf8 Qh3+ 26. Kh1 Rxf8 27. f4 1-0

[Event "VIE-ch U13"]
[Site "Da Lat"]
[Date "2013.07.??"]
[Round "5"]
[White "Nguyen, Huy Hiep"]
[Black "Tran, Dus Anh"]
[Result "0-1"]
[WhiteElo "1959"]
[BlackElo "1981"]
[PlyCount "78"]
[EventDate "2013.07.13"]
[EventType "swiss"]
[EventRounds "9"]
[EventCountry "VIE"]
[SourceTitle "EXT 2014"]
[Source "ChessBase"]
[SourceDate "2013.11.20"]
[SourceVersion "1"]
[SourceVersionDate "2013.11.20"]
[SourceQuality "1"]

1. Nf3 d5 2. d4 Nf6 3. Nc3 Bf5 4. Bf4 e6 5. e3 Bd6 6. Be5 0-0 7. Bd3 Bg6 8. 0-0 Bxe5 9. Nxe5 Nbd7 10. Nxd7 Qxd7 11. Re1 c6 12. a4 b6 13. Bxg6 hxg6 14. e4 Rfc8 15. e5 Ne8 16. Ne2 c5 17. c3 c4 18. Qc2 Rab8 19. b4 cxb3 20. Qxb3 Rc4 21. Qb5 Qc6 22. Reb1 Nc7 23. Qxc6 Rxc6 24. f4 Kf8 25. Kf2 Ne8 26. h4 f6 27. g4 Kf7 28. Kg3 a6 29. h5 Nc7 30. hxg6+ Kxg6 31. a5 Nb5 32. Rb3 bxa5 33. Rxa5 Rbc8 34. Kh4 Kh6 35. Ra1 Nxc3 36. Nxc3 Rxc3 37. Rxc3 Rxc3 38. Rxa6 g5+ 39. fxg5+ fxg5# 0-1